000 00318nam a22001337a 4500
008 170801b xxu||||| |||| 00| 0 eng d
020 _a3540129324
041 _aeng
080 _a004
100 _a32
101 _aSHKI
245 _aPROGRAM TRANSFORMATION AND PROGRAMMING ENVIRONMENTS
_cPEPPER, P
942 _2udc
_cBK
999 _c22420
_d22420